El proceso subversivo en Argentina a través de la bibliografía nacional Origen y evolución (1955-1975) (Registro nro. 31622)
[ vista simple ]
| 000 -ENCABEZADO | |
|---|---|
| Número de control [NR] | 00972nam a2200229Ia 4500 |
| 008 - DE LONGITUD FIJA DE DATOS DE ELEMENTOS - INFORMACIÓN GENERAL | |
| Elementos de longitud fija [NR] | 130821s2000 ag gr spa |
| 040 ## - FUENTE DE CATALOGACION [NR] | |
| Agencia de catalogación original [NR] | Co-BoUCM |
| Idioma de catalogación [NR] | spa |
| 041 00 - CODIGO DE IDIOMA [R] | |
| Código de idioma para texto/pista de sonido o título separado [R] | Español |
| 100 ## - ASIENTO PRINCIPAL--NOMBRE PERSONAL [NR] | |
| Nombre personal [NR] | Vazquez Viera, Emilio |
| ID Autoridad | 124211 |
| 245 03 - MENCION DE TITULO [NR] | |
| Título [NR] | El proceso subversivo en Argentina a través de la bibliografía nacional Origen y evolución (1955-1975) |
| Mención de responsabilidad, etc. [NR] | Emilio V zquez Viera. |
| 260 ## - PUBLICACION, DISTRIBUCION, ETC. (PIE DE IMPRENTA) [R] | |
| Lugar de publicación, distribución, etc. [R] | Argentina (América) |
| Nombre del editor, distribuidor, etc. [R] | Academia Nacional de Derecho y Ciencias Sociales |
| Fecha de publicación, distribución, etc. [R] | 2000 |
| 300 ## - DESCRIPCION FISICA [R] | |
| Extensión [R] | 390 páginas |
| 490 ## - MENCION DE SERIE [R] | |
| Mención de serie [R] | Ediciones de la Academia Nacional de Derecho y Ciencias Sociales |
| Designación numérica/secuencial del volumen [NR] | 21 |
| 504 ## - NOTA DE BIBLIOGRAFIA, ETC. [R] | |
| Nota de bibliografía, etc. [NR] | |
| 650 04 - ASIENTO SECUNDARIO DE MATERIA - TERMINO TEMATICO [R] | |
| Término temático o nombre geográfico como elemento de entrada [NR] | Actividades subversivas |
| Subdivisión geográfica [R] | Argentina |
| Subdivisión cronológica [R] | 1955-1975 |
| 9 (RLIN) | 8444 |
| 650 04 - ASIENTO SECUNDARIO DE MATERIA - TERMINO TEMATICO [R] | |
| Término temático o nombre geográfico como elemento de entrada [NR] | Guerra de guerrillas |
| Subdivisión geográfica [R] | Argentina |
| 9 (RLIN) | 16594 |
| 650 04 - ASIENTO SECUNDARIO DE MATERIA - TERMINO TEMATICO [R] | |
| Término temático o nombre geográfico como elemento de entrada [NR] | Historia de América |
| 9 (RLIN) | 16931 |
| 650 04 - ASIENTO SECUNDARIO DE MATERIA - TERMINO TEMATICO [R] | |
| Término temático o nombre geográfico como elemento de entrada [NR] | Relaciones internacionales |
| 9 (RLIN) | 8042 |
| 651 ## - ASIENTO SECUNDARIO DE MATERIA - NOMBRE GEOGRAFICO [R] | |
| Nombre geográfico [NR] | Argentina |
| Subdivisión general [R] | Historia |
| Subdivisión cronológica [R] | 1955-1975 |
| 9 (RLIN) | 442 |
| 942 ## - ELEMENTOS DE ENTRADA AGREGADOS (KOHA) | |
| Tipo de ítem principal el descrito en 300a | Libro |
| Tema principal | Ciencia política |
| Edición | 1 |
| Parte restante de la signatura top. | V393p |
| Sistema de clasificación | DEWEY |
| Clasificación | 327.12 |
| Fecha de último préstamo | Total préstamos | Signatura topográfica | Código de barras | Última vez visto | Ejemplar | Price effective from | Tipo de ítem | Perdido | Sistema de clasificación | Dañado | No prestable | Tipo de ítem específico | Suprimido | Ubicación habitual | Ubicación actual | Localización | Fecha de creación | Forma de adquisición | Costo | Costo de reposición | Proveedor |
|---|---|---|---|---|---|---|---|---|---|---|---|---|---|---|---|---|---|---|---|---|---|
| 11/04/2008 | 3 | 327.12 V393p | 100054682 | 19/12/2018 | Ej.1 | 03/02/2013 | Libro | DEWEY | Libro | Bodega | Bodega | Préstamo 4 días después de solicitado | 28/02/2003 | Donación | 10000.00 | ||||||
| 327.12 V393p | 100163538 | 09/12/2024 | Ej.2 | 29/08/2019 | Libro | DEWEY | Libro | BodegaJK | Claustro | Préstamo 2 días después de solicitado | 29/08/2019 | Donación | 0.00 | 26000.00 | 12 |